| 000 | 00000nam##2200000za#4500 |
| 001 | 9.615675 |
| 003 | CaOODSP |
| 005 | 20210615101233 |
| 007 | ta |
| 008 | 150406|2001||||xxc||||| f|0| 0 eng|d |
| 022 | |a0706-6457 |
| 040 | |aCaOODSP|beng |
| 043 | |an-cn--- |
| 086 | 1 |aFs97-6/2358E |
| 110 | 1 |aCanada. |bDepartment of Fisheries and Oceans. |
| 245 | 13|aAn evaluation of possible causes of the decline in pre-fishery abundance of North American Atlantic salmon / |cEdited by David K. Cairns. |
| 260 | |aOttawa - Ontario : |bFisheries and Oceans Canada |c2001. |
| 300 | |avii, 67p. : |breferences, tables ; |c28 cm. |
| 490 | 1 |aCanadian technical report of fisheries and aquatic sciences|x0706-6457|v2358 |
| 500 | |a"This document presents and describes 62 hypotheses for the decline in pre-fishery abundance estimates of Atlantic salmon of North American origin."--Abstract. Prepared at the Science Branch, Gulf Fisheries and Management Region, Department of Fisheries and Oceans, Box 1236, Charlottetown, Prince Edward Island C1A 7M8. |
| 520 | 3 |aThis document presents and describes 62 hypotheses for the decline in pre-fishery abundance estimates of Atlantic salmon of North American origin.--Abstract |
| 546 | |aRésumé en français |
| 563 | |aRing binding |
| 590 | |a01-26|b2001-06-29 |
| 690 | 07|aSalt water fish|2gcpds |
| 690 | 07|aFisheries|2gcpds |
| 690 | 07|aAquaculture|2gcpds |
| 690 | 07|aEnvironment|2gcpds |
| 690 | 07|aClimate|2gcpds |
| 720 | 1 |aCairns, David |
| 776 | 0#|tAn evaluation of possible causes of the decline in pre-fishery abundance of North American Atlantic salmon / |w(CaOODSP)9.574044 |
| 830 | #0|aCanadian technical report of fisheries and aquatic sciences,|x0706-6457|v2358|w(CaOODSP)9.514691 |